000 00451nam a2200181 a 4500
001 365
003 CO-ViMGA
008 141112s2004 ck r 000 u spa d
040 _aCO-ViMGA
_bspa
_cCO-ViMGA
082 0 4 _a869.3 V43r
100 1 _aVieira, Alice
245 1 0 _aRosa, mi hermana Rosa
260 _aMadrid :
_bS.M,
_c1988
300 _a114 p : il
490 _aEl barco de vapor, 136
650 1 4 _aCUENTOS PORTUGUESES
_92788
942 _2ddc
_cBK
999 _c12608
_d12608